00233nam a2200097Ia 4500008004100000100001900041245003200060260002600092300000900118650000800127191201s2015 xx 000 0 und d aMAHESHWARI,S.N 0aIntroduction to Accountancy aN. DelhibVikasc2015 aMISC aBBA